00945 a2200241 4500001000700000041000800007090001500015250001200030300001100042490002500053697007300078697003300151697004000184697002500224830002500249040002500274245010700299260002700406700013300433942000700566952011100573999001900684105302 apor aPL 428 DAI aNew ed. a193 p. aDaily practice books aLanguage arts - Study and teaching (Elementary) - Activity programs. aTeaching - Aids and devices. aLanguage arts - Study and teaching. aCreative activities. aDaily practice books aBR-BrIDEAcBR-BrIDEA10aDaily readingbcomprehension. Grade 5c Joy Evans, Jo Ellen Moore, Marilyn Evans editorial development a[S.l.bEvan-Moorc2010 aJoy Evans, Jo Ellen Moore, Marilyn Evanseeditorial developmentaeditorial development, Joy Evans, Jo Ellen Moore, Marilyn Evans cBK 00102ddc4070a12.27b12.27d2018-07-27l0oPL 428 DAIp00038094AGCr2024-01-23 14:29:55w2024-01-23yBK c105302d105302